[Event "Tehran Paytakht Cup 4th"]
[Site "Tehran"]
[Date "2019.11.04"]
[Round "6"]
[White "Gholami Orimi, Mahdi"]
[Black "Mashatan, Reza"]
[Result "1-0"]
[WhiteElo "2437"]
[BlackElo "2222"]
[PlyCount "49"]
[EventDate "2019.10.30"]
[EventType "swiss"]
[EventRounds "9"]
[EventCountry "IRI"]
[SourceTitle "CBM 192 Extra"]
[Source "Chessbase"]
[SourceDate "2019.11.06"]
[SourceVersion "1"]
[SourceVersionDate "2019.11.06"]
[SourceQuality "1"]

1. d4 e6 2. c4 f5 3. g3 Nf6 4. Bg2 c6 5. Nf3 d5 6. 0-0 Bd6 7. Nc3 0-0 8. Qc2 Ne4 9. Bf4 Bxf4 10. gxf4 Nd7 11. e3 a5 12. Ne2 Qe7 13. c5 h6 14. Kh1 g5 15. Ne5 Nxe5 16. fxe5 g4 17. Nf4 Rf7 18. f3 gxf3 19. Bxf3 Rg7 20. Rg1 Ng5 21. Nh5 Rg6 22. h4 Kf8 23. Nf6 Rg7 24. hxg5 hxg5 25. Qh2 1-0

[Event "Tehran Paytakht Cup 4th"]
[Site "Tehran"]
[Date "2019.11.02"]
[Round "4"]
[White "Mashatan, Reza"]
[Black "Omidi, Arya"]
[Result "1/2-1/2"]
[WhiteElo "2222"]
[BlackElo "2320"]
[PlyCount "150"]
[EventDate "2019.10.30"]
[EventType "swiss"]
[EventRounds "9"]
[EventCountry "IRI"]
[SourceTitle "CBM 192 Extra"]
[Source "Chessbase"]
[SourceDate "2019.11.06"]
[SourceVersion "1"]
[SourceVersionDate "2019.11.06"]
[SourceQuality "1"]

1. d4 g6 2. Nf3 Bg7 3. c4 e6 4. Nc3 Ne7 5. Bf4 d5 6. Rc1 a6 7. e3 0-0 8. b4 Nd7 9. cxd5 exd5 10. Be2 b5 11. a4 c6 12. a5 Nf6 13. Ne5 Ne8 14. 0-0 f6 15. Nd3 g5 16. Bg3 Nf5 17. Nb1 Nxg3 18. hxg3 Bd7 19. Nd2 Nd6 20. Nb3 Qe7 21. Nbc5 Bc8 22. Re1 Nc4 23. Bf3 f5 24. g4 h5 25. gxh5 g4 26. Be2 g3 27. Bf3 gxf2+ 28. Nxf2 Nxe3 29. Qd3 f4 30. Nb3 Bf5 31. Qc3 Rf6 32. Nc5 Bh6 33. Ncd3 Kh8 34. Ne5 Rg8 35. Nfg4 Bxg4 36. Nxg4 Rxg4 37. Bxg4 Qg7 38. Bf3 Re6 39. Re2 Qf6 40. Qc5 Bg7 41. Rd2 Bf8 42. Qc3 Be7 43. Re1 Qf8 44. Rb2 Bf6 45. Ree2 Qg7 46. Rbd2 Be7 47. Re1 Qg5 48. Rde2 Kg7 49. Rb1 Qg3 50. Qd3 Bd6 51. Qc3 Be7 52. Qd3 Qg5 53. Qc3 Qf5 54. Rbe1 Bh4 55. Rxe3 fxe3 56. Rxe3 Bg3 57. Kf1 Qb1+ 58. Ke2 Qa2+ 59. Kd1 Qa4+ 60. Ke2 Qa2+ 61. Kd1 Qb1+ 62. Ke2 Rxe3+ 63. Kxe3 Qg1+ 64. Kd3 Bf4 65. Ke2 Bg3 66. Qd2 Qf2+ 67. Kd3 Qf1+ 68. Be2 Qb1+ 69. Qc2 Qxb4 70. Qxc6 Qb1+ 71. Qc2 Qe1 72. Qc6 Qb1+ 73. Qc2 Qe1 74. Qc6 Qb1+ 75. Qc2 Qc1 1/2-1/2

[Event "Aftab Cup op 2nd"]
[Site "Khomein"]
[Date "2018.08.26"]
[Round "2"]
[White "Mashatan, Reza"]
[Black "Mosadeghpour, Masoud"]
[Result "0-1"]
[WhiteElo "2199"]
[BlackElo "2525"]
[PlyCount "60"]
[EventDate "2018.08.25"]
[EventType "swiss"]
[EventRounds "9"]
[EventCountry "IRI"]
[SourceTitle "CBM 186 Extra"]
[Source "ChessBase"]
[SourceDate "2018.08.24"]
[SourceVersion "1"]
[SourceVersionDate "2018.08.24"]
[SourceQuality "1"]

1. d4 d5 2. Nc3 Nf6 3. Bg5 Nbd7 4. Nf3 e6 5. e3 h6 6. Bh4 Bb4 7. Nd2 c5 8. Ncb1 cxd4 9. exd4 g5 10. Bg3 h5 11. f3 h4 12. Bf2 Qc7 13. a3 Bd6 14. Bg1 a6 15. c4 dxc4 16. Nxc4 Bf4 17. a4 Nd5 18. Nbd2 N7b6 19. Qb3 Nxc4 20. Nxc4 Bd7 21. Bd3 Rc8 22. Be2 b5 23. axb5 Bxb5 24. Ne3 Bxe2 25. Kxe2 0-0 26. g3 Rb8 27. Nxd5 exd5 28. Qd3 Rxb2+ 29. Kf1 Rd2 30. Qxa6 Qc3 0-1

[Event "Bandar e Anzali Khazar Cup 16th"]
[Site "Bandar e Anzali"]
[Date "2018.02.27"]
[Round "1"]
[White "Mashatan, Reza"]
[Black "Tahbaz, Arash"]
[Result "0-1"]
[WhiteElo "2192"]
[BlackElo "2455"]
[PlyCount "59"]
[EventDate "2018.02.27"]
[EventType "swiss"]
[EventRounds "9"]
[EventCountry "IRI"]
[SourceTitle "CBM 183 Extra"]
[Source "ChessBase"]
[SourceDate "2018.04.19"]
[SourceVersion "1"]
[SourceVersionDate "2018.04.19"]
[SourceQuality "1"]

1. d4 Nf6 2. c4 g6 3. Nc3 Bg7 4. Nf3 0-0 5. e3 d6 6. Be2 Nbd7 7. 0-0 e5 8. b4 Re8 9. a4 e4 10. Nd2 Nf8 11. Ba3 h5 12. Qc2 Bf5 13. Rfc1 N8h7 14. Qd1 h4 15. h3 Qc8 16. Nd5 Nxd5 17. cxd5 Nf6 18. b5 Qd7 19. Bc4 g5 20. Kh2 g4 21. Qf1 Bh6 22. Rc3 Kh7 23. Rac1 gxh3 24. gxh3 Rg8 25. Be2 Nxd5 26. R3c2 Rg7 27. Bc4 Nf4 28. Be2 Bxh3 29. Rxc7 Qf5 30. Ra1 0-1

[Event "Asia zt 3.1"]
[Site "Tehran"]
[Date "2017.07.06"]
[Round "8"]
[White "Shafiei, Alireza"]
[Black "Mashatan, Reza"]
[Result "1-0"]
[WhiteElo "2207"]
[BlackElo "2135"]
[PlyCount "87"]
[EventDate "2017.06.30"]
[EventType "swiss"]
[EventRounds "9"]
[EventCountry "IRI"]
[SourceTitle "CBM 179 Extra"]
[Source "ChessBase"]
[SourceDate "2017.08.23"]
[SourceVersion "1"]
[SourceVersionDate "2017.08.23"]
[SourceQuality "1"]

1. d4 e6 2. e4 b6 3. Bd3 Bb7 4. Nf3 c5 5. c3 Nf6 6. Qe2 d5 7. e5 Nfd7 8. 0-0 Nc6 9. a3 a5 10. Be3 a4 11. Ne1 Qc8 12. f4 g6 13. g4 Ba6 14. f5 Bxd3 15. Nxd3 Qa6 16. fxe6 fxe6 17. Nd2 h5 18. gxh5 Rxh5 19. Nf4 Qxe2 20. Nxe2 Ne7 21. Ng3 Rh8 22. Rae1 Nf5 23. Nxf5 gxf5 24. c4 cxd4 25. Bxd4 dxc4 26. Nxc4 Rh4 27. Rd1 Rxd4 28. Rxd4 Bc5 29. Rfd1 Ke7 30. Kf1 Bxd4 31. Rxd4 b5 32. Rxd7+ Ke8 33. Rh7 Ra6 34. Nd6+ Kf8 35. Rf7+ Kg8 36. Re7 Rc6 37. Rxe6 Rc2 38. h4 Rxb2 39. Re8+ Kg7 40. Nxf5+ Kg6 41. Nd6 b4 42. Rg8+ Kh7 43. e6 bxa3 44. e7 1-0

[Event "Asia zt 3.1"]
[Site "Tehran"]
[Date "2017.07.05"]
[Round "7"]
[White "Mashatan, Reza"]
[Black "Kaboodi, Behrang"]
[Result "1-0"]
[WhiteElo "2135"]
[BlackElo "2062"]
[PlyCount "85"]
[EventDate "2017.06.30"]
[EventType "swiss"]
[EventRounds "9"]
[EventCountry "IRI"]
[SourceTitle "CBM 179 Extra"]
[Source "ChessBase"]
[SourceDate "2017.08.23"]
[SourceVersion "1"]
[SourceVersionDate "2017.08.23"]
[SourceQuality "1"]

1. e4 d6 2. d4 Nf6 3. Nc3 c6 4. Nf3 b5 5. Bd3 g6 6. Be3 Bg7 7. Qd2 Ng4 8. Bg5 h6 9. Bh4 0-0 10. h3 Nf6 11. 0-0-0 b4 12. Ne2 Qa5 13. Kb1 Nbd7 14. Rhe1 c5 15. e5 Nd5 16. e6 fxe6 17. Bxg6 c4 18. Qc1 Rb8 19. Be4 Rb6 20. Bxd5 exd5 21. Qe3 Ra6 22. Nc1 e5 23. dxe5 dxe5 24. Qd2 d4 25. Be7 c3 26. Qd3 Nc5 27. Bxc5 Qxc5 28. Nb3 Qd6 29. g4 Bb7 30. Nh4 Bd5 31. Nf5 Rxf5 32. gxf5 Qc6 33. Rg1 Qa4 34. a3 Bxb3 35. Qg3 Bxc2+ 36. Kc1 cxb2+ 37. Kxb2 Qd7 38. Kxc2 Rxa3 39. Qg4 Kf8 40. Kd2 Qf7 41. Qe4 Qd7 42. Qa8+ Kf7 43. Rxg7+ 1-0

[Event "Asia zt 3.1"]
[Site "Tehran"]
[Date "2017.07.03"]
[Round "4"]
[White "Mashatan, Reza"]
[Black "Khalili, Asef"]
[Result "1-0"]
[WhiteElo "2135"]
[BlackElo "1893"]
[PlyCount "87"]
[EventDate "2017.06.30"]
[EventType "swiss"]
[EventRounds "9"]
[EventCountry "IRI"]
[SourceTitle "CBM 179 Extra"]
[Source "ChessBase"]
[SourceDate "2017.08.23"]
[SourceVersion "1"]
[SourceVersionDate "2017.08.23"]
[SourceQuality "1"]

1. d4 Nf6 2. c4 e6 3. Nc3 Bb4 4. e3 0-0 5. Nge2 b6 6. a3 Bxc3+ 7. Nxc3 Bb7 8. f3 Nh5 9. Qc2 Qh4+ 10. Qf2 Qxf2+ 11. Kxf2 f5 12. Bd3 Nf6 13. b4 Ne4+ 14. Nxe4 fxe4 15. Be2 d6 16. f4 Nd7 17. Bb2 Nf6 18. Rac1 a5 19. b5 Nd7 20. h4 g6 21. g4 e5 22. dxe5 dxe5 23. Rhd1 Rad8 24. Kg3 exf4+ 25. exf4 Nc5 26. Be5 Nd3 27. Bxd3 exd3 28. Kf2 Rd7 29. Ke3 Rfd8 30. Rd2 c6 31. Rc3 cxb5 32. cxb5 Bg2 33. h5 Kf7 34. hxg6+ hxg6 35. a4 Kg8 36. Rdxd3 Rxd3+ 37. Rxd3 Rxd3+ 38. Kxd3 Bf3 39. Bc7 Bd1 40. Bxb6 Bxa4 41. Kc4 Kf7 42. Bxa5 Ke6 43. Kc5 Kd7 44. f5 1-0

[Event "Yerevan op 1st"]
[Site "Yerevan"]
[Date "2016.10.04"]
[Round "3"]
[White "Khachatryan, David S"]
[Black "Mashatan, Reza"]
[Result "1-0"]
[WhiteElo "1796"]
[BlackElo "2182"]
[PlyCount "95"]
[EventDate "2016.10.02"]
[EventType "swiss"]
[EventRounds "9"]
[EventCountry "ARM"]
[SourceTitle "EXT 2017"]
[Source "ChessBase"]
[SourceDate "2016.10.25"]
[SourceVersion "1"]
[SourceVersionDate "2016.10.25"]
[SourceQuality "1"]

1. e4 e6 2. d4 b6 3. c4 Bb7 4. Nc3 Bb4 5. Bd3 c5 6. d5 b5 7. Nge2 exd5 8. exd5 Nf6 9. Bf4 0-0 10. 0-0 bxc4 11. Bxc4 d6 12. Ng3 Ne8 13. Nce4 Ba5 14. Qd3 Bc7 15. Ng5 g6 16. N3e4 Bc8 17. Ne6 Qe7 18. Nxf8 Qxf8 19. Qg3 Nd7 20. h4 Rb8 21. b3 Rb6 22. a4 Ng7 23. Bb5 Nf5 24. Qc3 Nd4 25. Be3 Rxb5 26. Bxd4 Rb4 27. Nf6+ Nxf6 28. Bxf6 Bd8 29. Rfe1 Rf4 30. Bxd8 Qxd8 31. Ra2 Bb7 32. Rae2 Qf6 33. Qxf6 Rxf6 34. Re8+ Kg7 35. Rd1 Rf5 36. Re7 Bxd5 37. Rxa7 Bxb3 38. Rxd6 Rf4 39. a5 Ra4 40. a6 c4 41. Rc6 Bc2 42. Rcc7 Kf6 43. Rxf7+ Ke5 44. Rae7+ Kd4 45. a7 Ra1+ 46. Kh2 c3 47. Rf4+ Kd5 48. Rf8 1-0